000 00935cam a2200277 a 4500
001 1569
005 20230907100059.0
020 _a9780545493093
040 _aDLC
_cDLC
_dDLC
_beng
050 0 0 _aPZ7.H1164
_bAk 2002
082 0 0 _aFic
_221
100 1 _aHaddix, Margaret Peterson.
245 1 0 _aAmong the betrayed /
_cMargaret Peterson Haddix.
260 _aNew York :
_bScholastic
_c2002
300 _a156 pages :
_c20 cm
_billustrations ;
500 _aSequel to: Among the imposters.
505 _aR
520 _aThirteen-year-old Nina is imprisoned by the Population Police, who give her the option of helping them identify illegal "third-born" children, or facing death.
521 _a690
_bLexile
521 _aR
_bRaz-Plus
650 1 _aBetrayal
_vFiction.
650 1 _aConduct of life
_vFiction.
650 1 _aScience fiction.
906 _a7
_bcbc
_corignew
_d1
_eocip
_f20
_gy-gencatlg
942 _2ddc
_cBK
_n0
999 _c1569
_d1569